Detalles MARC
| 000 -LEADER |
| fixed length control field |
01937nam a22003377a 4500 |
| 003 - CONTROL NUMBER IDENTIFIER |
| control field |
OSt |
| 005 - DATE AND TIME OF LATEST TRANSACTION |
| control field |
20250808162048.0 |
| 008 - FIXED-LENGTH DATA ELEMENTS--GENERAL INFORMATION |
| fixed length control field |
210915b2011 ck ao||er|||| 00| j spa d |
| 020 ## - INTERNATIONAL STANDARD BOOK NUMBER |
| International Standard Book Number |
9789589993514 |
| 040 ## - CATALOGING SOURCE |
| Original cataloging agency |
CO-JMCR |
| Transcribing agency |
CO-JMCR |
| 041 0# - LANGUAGE CODE |
| Language code of text/sound track or separate title |
spa |
| 082 04 - DEWEY DECIMAL CLASSIFICATION NUMBER |
| Classification number |
J-C |
| Item number |
DIAf |
| Edition number |
23 |
| 100 1# - MAIN ENTRY--PERSONAL NAME |
| Personal name |
Díaz, Luis Alejandro, |
| Relator term |
compilador |
| 9 (RLIN) |
40515 |
| 245 13 - TITLE STATEMENT |
| Title |
El fútbol se lee / |
| Statement of responsibility, etc. |
selección de textos Luis Alejandro Díaz, Julio Paredes Castro ; selección de obras Ernesto Restrepo |
| 250 ## - EDITION STATEMENT |
| Edition statement |
Primera edición |
| 260 ## - PUBLICATION, DISTRIBUTION, ETC. |
| Place of publication, distribution, etc. |
Bogotá : |
| Name of publisher, distributor, etc. |
Alcaldía Mayor de Bogotá : Secretaría Distrital de Cultura, Recreación y Deporte, |
| Date of publication, distribution, etc. |
2011 |
| 300 ## - PHYSICAL DESCRIPTION |
| Extent |
141 páginas : |
| Other physical details |
ilustraciones y fotografías a blanco y negro ; |
| Dimensions |
17 cm. |
| 490 0# - SERIES STATEMENT |
| Series statement |
Libro al viento ; |
| Volume/sequential designation |
76 |
| 500 ## - GENERAL NOTE |
| General note |
Edición especial Libro al Viento. |
| 505 0# - FORMATTED CONTENTS NOTE |
| Title |
Testimonio de un creyente, DIM / |
| Statement of responsibility |
Darío Jaramillo Agudelo |
| Title |
Todos los que amamos el fútbol somos iguales / |
| Statement of responsibility |
Álvaro Perea Chacón |
| Title |
La nostalgia de la mosca / |
| Statement of responsibility |
Mario Mendoza |
| Title |
El cucho / |
| Statement of responsibility |
Ricardo Silva Romero |
| Title |
La desilusión de un hincha / |
| Statement of responsibility |
Fernando Araújo Vélez |
| Title |
Lenin en el fútbol / |
| Statement of responsibility |
Guillermo Samperio |
| Title |
¡Dele duro monseñor! / |
| Statement of responsibility |
Daniel Samper Pizano |
| Title |
Decisión en el último momento / |
| Statement of responsibility |
Óscar Collazos |
| Title |
El mundo es de los inocentes / |
| Statement of responsibility |
Luisa Valenzuela |
| Title |
Mi curriculum-futbolae / |
| Statement of responsibility |
Laura Restrepo |
| Title |
El último campeonato / |
| Statement of responsibility |
Pablo R. Arango |
| Title |
Memorias de un wing derecho / |
| Statement of responsibility |
Roberto Fontanarrosa |
| 650 14 - SUBJECT ADDED ENTRY--TOPICAL TERM |
| Topical term or geographic name entry element |
Cuentos juveniles |
| General subdivision |
Colecciones |
| Chronological subdivision |
Siglo xx |
| 9 (RLIN) |
40516 |
| 650 24 - SUBJECT ADDED ENTRY--TOPICAL TERM |
| Topical term or geographic name entry element |
Fútbol |
| Form subdivision |
cuentos |
| 9 (RLIN) |
40517 |
| 650 24 - SUBJECT ADDED ENTRY--TOPICAL TERM |
| Topical term or geographic name entry element |
Futbolistas |
| Form subdivision |
cuentos |
| 9 (RLIN) |
40518 |
| 650 24 - SUBJECT ADDED ENTRY--TOPICAL TERM |
| Topical term or geographic name entry element |
Historias de aventuras |
| 9 (RLIN) |
40519 |
| 650 24 - SUBJECT ADDED ENTRY--TOPICAL TERM |
| Topical term or geographic name entry element |
Deportistas en la literatura |
| 9 (RLIN) |
40520 |
| 650 24 - SUBJECT ADDED ENTRY--TOPICAL TERM |
| Topical term or geographic name entry element |
Copa mundo de futbol |
| Form subdivision |
Cuentos |
| 9 (RLIN) |
40521 |
| 650 24 - SUBJECT ADDED ENTRY--TOPICAL TERM |
| Topical term or geographic name entry element |
Nacionalismo y deportes |
| Form subdivision |
Cuentos |
| 9 (RLIN) |
40522 |
| 700 1# - ADDED ENTRY--PERSONAL NAME |
| Personal name |
Paredes Castro, Julio, |
| Relator term |
compilador |
| 9 (RLIN) |
14038 |
| 700 1# - ADDED ENTRY--PERSONAL NAME |
| Personal name |
Restrepo, Ernesto, |
| Relator term |
autor de selección de obras |
| 9 (RLIN) |
40523 |
| 942 ## - ADDED ENTRY ELEMENTS (KOHA) |
| Source of classification or shelving scheme |
Dewey Decimal Classification |
| Koha item type |
Books |